Państwa, które pokonują Mongolię - Statystyki

Ogólne statystyki
  • Ten quiz został rozwiązany 2 660 razy
  • Średni wynik to 9 z 14
Statystyki odpowiedzi
Ranga Kategoria Państwo % Poprawnych
3 Najzimniejsza średnia roczna temperatura Kanada | Rosja
97%
5 Największa populacja koni Stany Zjednoczone | Meksyk | Chiny | Brazylia
87%
2 Położone najbliżej geograficznie od Korei Północnej, z wyłączeniem jej sąsiadów Japonia
84%
11 Największa populacja wielbłądów Czad | Somalia | Sudan | Kenia | Niger | Mauretania | Etiopia | Mali | Pakistan | Arabia Saudyjska
81%
2 Największe państwo śródlądowe Kazachstan
78%
2 Najwyższy procent etnicznych Mongołów Chiny
77%
2 Największe powierzchniowo imperium w historii Wielka Brytania
75%
2 Największe państwo na literę M Meksyk
70%
2 Najwcześniejsze jednopartyjne państwo marksistowskie Związek Radziecki (Rosja)
63%
7 Najwyższy procent mieszkańców, którzy są buddystami Kambodża | Tajlandia | Mjanma | Bhutan | Sri Lanka | Laos
59%
7 Najniższy % powierzchni, która jest używana do uprawy roślin Nauru | Monako | Watykan | Dżibuti | Islandia | Oman
48%
6 Największa liczba krów na mieszkańca Urugwaj | Nowa Zelandia | Paragwaj | Czad | Irlandia
37%
6 Najwyższa minimalna wysokość (m.n.p.m.) Lesotho | Rwanda | Andora | Burundi | Uganda
24%
3 Najbardziej zaludnione państwo, które jest całkowicie otoczone przez dwa inne państwa Nepal | Mołdawia
23%
Nie znaleziono quizów pasujących do podanych kryteriów
Rozkład punktacji
Procent ludzi z każdym wynikiem
Percentyl według liczby udzielonych odpowiedzi
Twoja historia wyników
Nie rozwiązałeś tego quizu